Sports Quiz

Random Sports or French Quiz

Top 10 french cyclists per year Quiz Stats

 Plays Quiz not verified by Sporcle

Support Sporcle.
Go Orange.
Score 0/220 Timer 20:00
1 Play Today
Hint Answer % Correct
2019Thibaut Pinot
98.9%
2018Thibaut Pinot
98.8%
2019Julian Alaphilippe
98.8%
2017Thibaut Pinot
98.7%
2016Thibaut Pinot
98.6%
2011Thibaut Pinot
98.6%
2013Thibaut Pinot
98.6%
2014Thibaut Pinot
98.6%
2015Thibaut Pinot
98.6%
2018Romain Bardet
98.5%
2018Julian Alaphilippe
98.4%
2019Romain Bardet
98.3%
2016Romain Bardet
98.3%
2017Romain Bardet
98.2%
2020Arnaud Démare
98.2%
2013Romain Bardet
97.8%
2014Romain Bardet
97.8%
2015Romain Bardet
97.8%
2004Thomas Voeckler
97.6%
2006Thomas Voeckler
97.6%
2007Thomas Voeckler
97.6%
2008Thomas Voeckler
97.6%
2009Thomas Voeckler
97.6%
2010Thomas Voeckler
97.6%
2011Thomas Voeckler
97.6%
2012Thomas Voeckler
97.6%
2013Thomas Voeckler
97.6%
2017Julian Alaphilippe
97.3%
2016Julian Alaphilippe
96.9%
2019Arnaud Démare
96.9%
2018Arnaud Démare
96.4%
2017Arnaud Démare
96.1%
2016Arnaud Démare
96%
2020Thibaut Pinot
96%
2015Julian Alaphilippe
95.7%
2012Arnaud Démare
95.4%
2013Arnaud Démare
95.4%
2014Arnaud Démare
95.4%
2019Warren Barguil
95.2%
2016Nacer Bouhanni
94.8%
2002Sylvain Chavanel
94.7%
2003Sylvain Chavanel
94.7%
2004Sylvain Chavanel
94.7%
2005Sylvain Chavanel
94.7%
2006Sylvain Chavanel
94.7%
2007Sébastien Chavanel
94.7%
2007Sylvain Chavanel
94.7%
2008Sylvain Chavanel
94.7%
2009Sylvain Chavanel
94.7%
2010Sylvain Chavanel
94.7%
2011Sylvain Chavanel
94.7%
2012Sylvain Chavanel
94.7%
2013Sylvain Chavanel
94.7%
2014Sylvain Chavanel
94.7%
2012Nacer Bouhanni
94.6%
2013Nacer Bouhanni
94.6%
2014Nacer Bouhanni
94.6%
2015Nacer Bouhanni
94.6%
2017Nacer Bouhanni
94.6%
1999Laurent Jalabert
93.8%
2000Laurent Jalabert
93.8%
2001Laurent Jalabert
93.8%
2002Laurent Jalabert
93.8%
2017Warren Barguil
93.3%
2020Florian Sénéchal
92.6%
2014Warren Barguil
91.3%
1999Richard Virenque
91.1%
2000Richard Virenque
91.1%
2001Richard Virenque
91.1%
2002Richard Virenque
91.1%
2003Richard Virenque
91.1%
2012Pierre Rolland
88.5%
2015Pierre Rolland
88.5%
2019Guillaume Martin
88.4%
Hint Answer % Correct
2020Guillaume Martin
88.4%
2016Tony Gallopin
88.2%
2011Tony Gallopin
87.8%
2014Tony Gallopin
87.8%
2015Tony Gallopin
87.8%
1999Christophe Moreau
87.6%
2000Christophe Moreau
87.6%
2001Christophe Moreau
87.6%
2002Christophe Moreau
87.6%
2003Christophe Moreau
87.6%
2004Christophe Moreau
87.6%
2005Christophe Moreau
87.6%
2006Christophe Moreau
87.6%
2007Christophe Moreau
87.6%
2017Tony Gallopin
87.4%
2019Bryan Coquard
86.4%
2011Jean-Christophe Péraud
86.2%
2013Jean-Christophe Péraud
86.2%
2014Jean-Christophe Péraud
86.2%
2018Guillaume Martin
86.1%
2019David Gaudu
84.3%
2016Bryan Coquard
83.1%
2013Bryan Coquard
82.1%
2015Bryan Coquard
82.1%
2020Benoît Cosnefroy
80.2%
2020Nacer Bouhanni
80.1%
2004Sandy Casar
78.8%
2005Sandy Casar
78.8%
2006Sandy Casar
78.8%
2008Sandy Casar
78.8%
2009Sandy Casar
78.8%
2010Sandy Casar
78.8%
2000David Moncoutié
78.6%
2001David Moncoutié
78.6%
2002David Moncoutié
78.6%
2003David Moncoutié
78.6%
2004David Moncoutié
78.6%
2005David Moncoutié
78.6%
2008David Moncoutié
78.6%
2009David Moncoutié
78.6%
2010David Moncoutié
78.6%
2011David Moncoutié
78.6%
2018Lilian Calméjane
78.3%
2017Lilian Calméjane
78.2%
2007Romain Feillu
78.1%
2009Romain Feillu
78.1%
2010Romain Feillu
78.1%
2011Romain Feillu
78.1%
2020Julian Alaphilippe
76.3%
1999Laurent Brochard
75.6%
2000Laurent Brochard
75.6%
2001Laurent Brochard
75.6%
2002Laurent Brochard
75.6%
2003Laurent Brochard
75.6%
2004Laurent Brochard
75.6%
2005Laurent Brochard
75.6%
2007Laurent Brochard
75.6%
2004Pierrick Fedrigo
73.6%
2005Pierrick Fedrigo
73.6%
2006Pierrick Fedrigo
73.6%
2007Pierrick Fedrigo
73.6%
2008Pierrick Fedrigo
73.6%
2009Pierrick Fedrigo
73.6%
2010Pierrick Fedrigo
73.6%
2012Pierrick Fedrigo
73.6%
2015Pierrick Fedrigo
73.6%
2018Pierre Latour
71.6%
2017Alexis Vuillermoz
70.9%
2015Alexis Vuillermoz
70.3%
2018Christophe Laporte
69.5%
2016Pierre Latour
69.3%
2017Julien Simon
68.7%
1999François Simon
68.3%
2000François Simon
68.3%
Hint Answer % Correct
2012Julien Simon
68.3%
2014Julien Simon
68.3%
2003Jérôme Pineau
66.6%
2004Jérôme Pineau
66.6%
2008Jérôme Pineau
66.6%
2010Cédric Pineau
66.6%
2011Anthony Roux
66%
2006Cyril Dessel
65.9%
2008Cyril Dessel
65.9%
2000Didier Rous
65.7%
2001Didier Rous
65.7%
2002Didier Rous
65.7%
2003Didier Rous
65.7%
2004Didier Rous
65.7%
2006Didier Rous
65.7%
2004Jimmy Casper
63.8%
2005Jimmy Casper
63.8%
2006Jimmy Casper
63.8%
2009Jimmy Casper
63.8%
2016Samuel Dumoulin
63.4%
2020David Gaudu
63.2%
2006Samuel Dumoulin
62.8%
2010Samuel Dumoulin
62.8%
2012Samuel Dumoulin
62.8%
2013Samuel Dumoulin
62.8%
2020Warren Barguil
61.4%
2007John Gadret
60.8%
2011John Gadret
60.8%
2010Jérôme Coppel
60.7%
2011Jérôme Coppel
60.7%
2012Jérôme Coppel
60.7%
2016Arthur Vichot
60.3%
2020Rudy Molard
60.2%
2013Arthur Vichot
59.3%
2006Frédéric Guesdon
58.4%
2019Anthony Turgis
58.3%
2018Rudy Molard
56.4%
2010Christophe Le Mével
55.8%
2000Patrice Halgand
52.2%
2001Patrice Halgand
52.2%
2002Patrice Halgand
52.2%
2003Patrice Halgand
52.2%
2005Patrice Halgand
52.2%
1999Cédric Vasseur
51.5%
2002Cédric Vasseur
51.5%
2003Cédric Vasseur
51.5%
2019Marc Sarreau
50%
2000Pascal Hervé
45.8%
2002Nicolas Vogondy
43.7%
2008Nicolas Vogondy
43.7%
1999Stéphane Heulot
42.6%
2001Stéphane Heulot
42.6%
1999Jean-Cyril Robin
42.4%
2000Jean-Cyril Robin
42.4%
2012Jérémy Roy
42.2%
2009Matthieu Ladagnous
42.1%
2005Anthony Geslin
41.2%
2018Hugo Hofstetter
40.9%
2007Anthony Charteau
39.7%
2008Benoît Vaugrenard
39.1%
2014Cyril Gautier
38.8%
2001Florent Brard
34.9%
2015Alexis Gougeard
33.3%
1999Benoît Salmon
33.1%
2001Benoît Salmon
33.1%
2009Julien El Farès
24.6%
2005Ludovic Turpin
23.5%
2007Ludovic Turpin
23.5%
2003Andy Flickinger
21.5%
1999Gilles Maignan
20.4%
2009David Le Lay
19.7%
2008Geoffroy Lequatre
17.7%

You're not logged in!

Compare scores with friends on all Sporcle quizzes.
OR
Log In

From the Vault

NFL Career QB Wins

by Sam

We heard someone on this list just retired....again.
Remove Ads.
Support Sporcle.
Get the best of Sporcle when you Go Orange. This ad-free experience offers more features, more stats, and more fun while also helping to support Sporcle. Thank you for becoming a member.

Show Comments

Extras

Top Quizzes Today


Score Distribution

Your Account Isn't Verified!

In order to create a playlist on Sporcle, you need to verify the email address you used during registration. Go to your Sporcle Settings to finish the process.

Report this User

Report this user for behavior that violates our Community Guidelines.

Details: